000 00690cam a22002537a 4500
003 CHAP
005 20220329134936.0
008 971013s r 00010 d
010 _a28446
011 _a29418
035 _a33529
040 _cCHAP
090 _aR-4
100 0 0 _aMorton, C. V.
_978969
245 1 4 _aThe genus Besleria en British Guiana
500 _aSobretiro de: Phytologia 4: 151-153, 1935
501 _aEnc. con otros impresos similares
590 _aBATCH-UPD
_b10
_c20130110
_lUCH01
_h2205
590 _aCONVERSION
_b10
_c20130109
_lUCH01
_h1316
650 1 4 _aBesleria.
_912032
901 _aBK
942 _cREIMP
949 _aR-4
_bBC
_cR
_d-78070
_eTS1
_i33529
_si
999 _c28446
_d28446